Boletines y Comunicaciones Rodrg̕uez Azuero Contexto Legal

Bibliographic Details
Format: Journal
Published: Bogot:̀ Rodriguez Azuero Contexto Legal Abogados , 2012- .
Subjects:
Online Access:Acceso restringido

MARC

LEADER 00000nas a22000007a 4500
005 20161017151945.0
007 cr|||| ||u|
008 161017c20119999Ck |||||o|||| 00| 0 Spa d
035 |a 14388 
040 |a vLex 
090 |c 6298  |d 6298 
245 0 |a Boletines y Comunicaciones Rodrg̕uez Azuero Contexto Legal  |h [Recurso electrn̤ico]. 
256 |a Servicio en ln̕ea 
260 |a Bogot:̀  |b Rodriguez Azuero Contexto Legal Abogados ,  |c 2012- . 
300 |a 1 Recurso electrn̤ico 
506 1 |a Disponible solo en los productos indicados  |d vLex Global  |d vLex Global (Academic Edition, excluding Law Schools)  |d vLex Global (U.S. Academic Edition, Law Schools)  |d vLex Global (U.S. Academic Edition, excluding Law Schools)  |d vLex Global (Academic Edition, Law Schools) 
650 0 4 |a Derecho  |z Colombia 
740 0 |a Servicio en ln̕ea 
856 4 0 |u http://vlex.com/source/boletines-comunicaciones-rodriguez-azuero-contexto-legal-14388  |z Acceso restringido 
942 |c BOOK 
999 0 |a Law